Datum a čas kvízu
19
Celkem bodů
Celkový počet nahraných bodů na tomto kvízu bez doplňovacích otázek.
7.
Pořadí na kvízu
Konečné umístění týmu na tomto kvízu.
Zaznamenané odpovědi
| # | Otázka | Odpověď | Body | Výsledky |
|---|---|---|---|---|
| 1. | V jedné z nejstarších leteckýc... | Aero Vodochody | 0 | |
| 2. | Dvaasedmdesátiletou pacientku... | v Německu | 0 | |
| 3. | Jak to dopadne, když se bohové... | Největší dar | 0 | |
| 4. | V úterý ráno detektivové z Nár... | Xixoio | 0 | |
| 5. | Jeden z favoritů mistrovství s... | Japonsko | 0 | |
| 6. | V tomto tématu se podíváme na... | 1B 2D 3A 4C | 1 | |
| 7. | V následujících slovech se na... | 1A 2C 3B 4D | 1 | |
| 8. | Podívejme se teď na místní jmé... | C | 0 | |
| 9. | V následujících slovech je vyn... | B | 1 | |
| 10. | Na závěr se podíváme na několi... | B | 0 |